Countries by Satellite Image #4 - Statistics

General Stats
  • This quiz has been taken 67,368 times
  • The average score is 10 of 16
Answer Stats
Picture Answer % Correct
Mexico
99%
India
98%
Sweden
91%
Denmark
85%
Vatican City
83%
South Korea
72%
Papua New Guinea
71%
Taiwan
71%
Costa Rica
61%
Nicaragua
59%
Trinidad and Tobago
55%
Switzerland
52%
Estonia
48%
Azerbaijan
30%
Romania
30%
Bolivia
24%
No matching quizzes found
Score Distribution
Percent of People with Each Score
Percentile by Number Answered
Your Score History
You have not taken this quiz